000 00418nam a2200181Ia 4500
001 1643
005 20260306143743.0
008 260306t2016||||xx |||||||||||||| ||spa||
041 _aESP
082 _a153.9
_bG59A 2016
100 _aGoleman, Daniel
_eAUT
245 0 _aInteligencia emocional
260 _c2016
300 _a512 páginas :
_c20 cm.
650 _aGEN
654 _aCPS
942 _cLIB
_dJUS
_fJUS
_2ddc
_n
999 _c1643
_d1643